<?xml version="1.0" encoding="UTF-8"?><?xml-stylesheet type="text/xsl" href="static/style.xsl"?><OAI-PMH xmlns="http://www.openarchives.org/OAI/2.0/" xmlns:xsi="http://www.w3.org/2001/XMLSchema-instance" xsi:schemaLocation="http://www.openarchives.org/OAI/2.0/ http://www.openarchives.org/OAI/2.0/OAI-PMH.xsd"><responseDate>2026-04-29T00:59:44Z</responseDate><request verb="GetRecord" identifier="oai:repisalud.isciii.es:20.500.12105/26563" metadataPrefix="marc">https://repisalud.isciii.es/rest/oai/request</request><GetRecord><record><header><identifier>oai:repisalud.isciii.es:20.500.12105/26563</identifier><datestamp>2025-12-18T13:00:40Z</datestamp><setSpec>com_20.500.12105_2052</setSpec><setSpec>com_20.500.12105_2051</setSpec><setSpec>col_20.500.12105_19609</setSpec></header><metadata><record xmlns="http://www.loc.gov/MARC21/slim" xmlns:dcterms="http://purl.org/dc/terms/" xmlns:doc="http://www.lyncode.com/xoai" xmlns:xsi="http://www.w3.org/2001/XMLSchema-instance" xsi:schemaLocation="http://www.loc.gov/MARC21/slim http://www.loc.gov/standards/marcxml/schema/MARC21slim.xsd">
   <leader>00925njm 22002777a 4500</leader>
   <datafield ind2=" " ind1=" " tag="042">
      <subfield code="a">dc</subfield>
   </datafield>
   <datafield ind2=" " ind1=" " tag="720">
      <subfield code="a">van Dijk, Norbert J</subfield>
      <subfield code="e">author</subfield>
   </datafield>
   <datafield ind2=" " ind1=" " tag="720">
      <subfield code="a">Hagos, Dawit Gebreegziabiher</subfield>
      <subfield code="e">author</subfield>
   </datafield>
   <datafield ind2=" " ind1=" " tag="720">
      <subfield code="a">Huggins, Daniela M</subfield>
      <subfield code="e">author</subfield>
   </datafield>
   <datafield ind2=" " ind1=" " tag="720">
      <subfield code="a">Carrillo, Eugenia</subfield>
      <subfield code="e">author</subfield>
   </datafield>
   <datafield ind2=" " ind1=" " tag="720">
      <subfield code="a">Ajala, Sophia</subfield>
      <subfield code="e">author</subfield>
   </datafield>
   <datafield ind2=" " ind1=" " tag="720">
      <subfield code="a">Chicharro, Carmen</subfield>
      <subfield code="e">author</subfield>
   </datafield>
   <datafield ind2=" " ind1=" " tag="720">
      <subfield code="a">Kiptanui, David</subfield>
      <subfield code="e">author</subfield>
   </datafield>
   <datafield ind2=" " ind1=" " tag="720">
      <subfield code="a">Solana, Jose Carlos</subfield>
      <subfield code="e">author</subfield>
   </datafield>
   <datafield ind2=" " ind1=" " tag="720">
      <subfield code="a">Abner, Edwin</subfield>
      <subfield code="e">author</subfield>
   </datafield>
   <datafield ind2=" " ind1=" " tag="720">
      <subfield code="a">Wolday, Dawit</subfield>
      <subfield code="e">author</subfield>
   </datafield>
   <datafield ind2=" " ind1=" " tag="720">
      <subfield code="a">Schallig, Henk DFH</subfield>
      <subfield code="e">author</subfield>
   </datafield>
   <datafield ind2=" " ind1=" " tag="260">
      <subfield code="c">2024-05</subfield>
   </datafield>
   <datafield ind2=" " ind1=" " tag="520">
      <subfield code="a">Background: Diagnosis of visceral leishmaniasis (VL) in resource-limited endemic regions is currently based on serological testing with rK39 immunochromatographic tests (ICTs). However, rK39 ICT frequently has suboptimal diagnostic accuracy. Furthermore, treatment monitoring and detection of VL relapses is reliant on insensitive and highly invasive tissue aspirate microscopy. Miniature direct-on-blood PCR nucleic acid lateral flow immunoassay (mini-dbPCR-NALFIA) is an innovative and user-friendly molecular tool which does not require DNA extraction and uses a lateral flow strip for result read-out. This assay could be an interesting candidate for more reliable VL diagnosis and safer test of cure at the point of care. Methodology/principle findings: The performance of mini-dbPCR-NALFIA for diagnosis of VL in blood was assessed in a laboratory evaluation and compared with the accuracy of rK39 ICTs Kalazar Detect in Spain and IT LEISH in East Africa. Limit of detection of mini-dbPCR-NALFIA was 650 and 500 parasites per mL of blood for Leishmania donovani and Leishmania infantum, respectively. In 146 blood samples from VL-suspected patients from Spain, mini-dbPCR-NALFIA had a sensitivity of 95.8% and specificity 97.2%, while Kalazar Detect had a sensitivity of 71.2% and specificity of 94.5%, compared to a nested PCR reference. For a sample set from 58 VL patients, 10 malaria patients and 68 healthy controls from Ethiopia and Kenya, mini-dbPCR-NALFIA had a pooled sensitivity of 87.9% and pooled specificity of 100% using quantitative PCR as reference standard. IT LEISH sensitivity and specificity in the East African samples were 87.9% and 97.4%, respectively. Conclusions/significance: Mini-dbPCR-NALFIA is a promising tool for simplified molecular diagnosis of VL and follow-up of treated patients in blood samples. Future studies should evaluate its use in endemic, resource-limited settings, where mini-dbPCR-NALFIA may provide an accurate and versatile alternative to rK39 ICTs and aspirate microscopy.</subfield>
   </datafield>
   <datafield ind1="8" ind2=" " tag="024">
      <subfield code="a">van Dijk NJ, Hagos DG, Huggins DM, Carrillo E, Ajala S, Chicharro C, Kiptanui D, Solana JC, Abner E, Wolday D, Schallig HDFH. Simplified molecular diagnosis of visceral leishmaniasis: Laboratory evaluation of miniature direct-on-blood PCR nucleic acid lateral flow immunoassay. PLoS Negl Trop Dis. 2024 May 7;18(5):e0011637.</subfield>
   </datafield>
   <datafield ind1="8" ind2=" " tag="024">
      <subfield code="a">1935-2727</subfield>
   </datafield>
   <datafield ind1="8" ind2=" " tag="024">
      <subfield code="a">https://hdl.handle.net/20.500.12105/26563</subfield>
   </datafield>
   <datafield ind1="8" ind2=" " tag="024">
      <subfield code="a">38713648</subfield>
   </datafield>
   <datafield ind1="8" ind2=" " tag="024">
      <subfield code="a">10.1371/journal.pntd.0011637</subfield>
   </datafield>
   <datafield ind1="8" ind2=" " tag="024">
      <subfield code="a">1935-2735</subfield>
   </datafield>
   <datafield ind1="8" ind2=" " tag="024">
      <subfield code="a">PLoS neglected tropical diseases</subfield>
   </datafield>
   <datafield ind2="0" ind1="0" tag="245">
      <subfield code="a">Simplified molecular diagnosis of visceral leishmaniasis: Laboratory evaluation of miniature direct-on-blood PCR nucleic acid lateral flow immunoassay</subfield>
   </datafield>
</record></metadata></record></GetRecord></OAI-PMH>